Normal view
MARC view
- المصطفى، محمد الحسن ولد محمد
Entry Personal Name
001 - CONTROL NUMBER
- control field: 24007
003 - CONTROL NUMBER IDENTIFIER
- control field: JO-AjAnu
005 - DATE AND TIME OF LATEST TRANSACTION
- control field: 20230606074124.0
008 - FIXED-LENGTH DATA ELEMENTS
- fixed length control field: 230606|| aca||aabn | a|a d
040 ## - CATALOGING SOURCE
- Original cataloging agency: JO-AjAnu
- Transcribing agency: JO-AjAnu
100 ## - HEADING--PERSONAL NAME
- Personal name: المصطفى، محمد الحسن ولد محمد
670 ## - SOURCE DATA FOUND
- Source citation: Work cat.: (JO-AjAnu)12342: المصطفى، محمد الحسن ولد محمد, author, الشعر العربي الحديث في موريتانيا: دراسة في تطور البناء الفني والدلالي 1960-1995